[Event "Stay Safe Play From Home 205"]
[Site "T#646634Emanuel Laske"]
[Date "2020.06.07"]
[Round "3"]
[White "Haxhi Baha"]
[Black "Edmatuag"]
[Result "1-0"]
[WhiteElo "2030"]
[BlackElo "1730"]
[Annotator "TA"]
[PlyCount "39"]
[EventDate "2020.06.07"]
[EventType "swiss (blitz)"]

{[%evp 9,39,-40,-31,-29,0,-10,0,-16,-12,-15,14,-8,0,-30,15,3,52,-6,18,21,33,14,41,45,92,92,126,127,579,578,794,162]} 1. e4 c6 2. Nc3 d5 3. Nf3 d4 4. Ne2 c5 5. d3 Nc6 6. Ng3 {B11: Caro-Kann: Two Knights Variation.} Bg4 {[#]} 7. h3 $146 ({Predecessor:} 7. Be2 Bxf3 8. Bxf3 e5 9. O-O Nge7 10. Bg4 g6 11. f4 Bg7 12. f5 f6 13. fxg6 hxg6 14. Be6 Qd6 15. Bb3 O-O-O {½-½ (15) Kaposztas,M (2273)-Eperjesi,L (2303) Budapest 2001}) 7... Bxf3 8. Qxf3 {The position is equal.} e6 9. Qe2 Qh4 10. Bd2 Bd6 11. Qf3 Bxg3 12. fxg3 Qf6 13. Qe2 (13. Be2 $14) 13... Qg6 14. g4 Nf6 15. Qf2 h5 16. g5 Nh7 17. h4 Ne5 18. Be2 Ng4 $2 {[%mdl 8192] [#]} (18... f6 $16) 19. Bxg4 $18 hxg4 20. O-O-O $2 {Accuracy: White = 82%, Black = 23%.} (20. h5 Nxg5 21. hxg6 Rxh1+ 22. Ke2 Rxa1 23. Qh4 Nxe4 24. dxe4) 1-0

[Event "Stay Safe Play From Home 205"]
[Site "T#646634Emanuel Laske"]
[Date "2020.06.07"]
[Round "3"]
[White "EL sanbary"]
[Black "Sfantul321"]
[Result "0-1"]
[WhiteElo "1898"]
[BlackElo "1942"]
[Annotator "NA RC"]
[PlyCount "82"]
[EventDate "2020.06.07"]
[EventType "swiss (blitz)"]

1. c4 {[%emt 0:00:01]} g6 {[%emt 0:00:00]} 2. g3 {[%emt 0:00:01]} Bg7 {[%emt 0:00:00]} 3. Bg2 {[%emt 0:00:01]} c6 {[%emt 0:00:00]} 4. Nc3 {[%emt 0:00:02]} Nf6 {[%emt 0:00:01]} 5. e4 {[%emt 0:00:01]} d6 {[%emt 0:00:01]} 6. Nge2 {[%emt 0:00:01]} O-O {[%emt 0:00:01]} 7. O-O {[%emt 0:00:01]} Bg4 {[%emt 0:00:01]} 8. d3 {[%emt 0:00:01]} Qc8 {[%emt 0:00:01]} 9. Be3 {[%emt 0:00:01]} Bh3 {[%emt 0:00:01]} 10. Qd2 {[%emt 0:00:01]} Bxg2 {[%emt 0:00:01]} 11. Kxg2 {[%emt 0:00:01]} Re8 {[%emt 0:00:00]} 12. h3 {[%emt 0:00:01]} Na6 {[%emt 0:00:01]} 13. f4 {[%emt 0:00:01]} e5 {[%emt 0:00:01]} 14. Rf2 {[%emt 0:00:01]} Nc7 {[%emt 0:00:02]} 15. Raf1 {[%emt 0:00:02]} exf4 {[%emt 0:00:01]} 16. gxf4 {[%emt 0:00:04]} Qd7 {[%emt 0:00:01]} 17. f5 {[%emt 0:00:01]} Rad8 {[%emt 0:00:02]} 18. fxg6 {[%emt 0:00:01]} fxg6 {[%emt 0:00:01]} 19. Rxf6 {[%emt 0:00:01]} Bxf6 {[%emt 0:00:01]} 20. Rxf6 {[%emt 0:00:01]} Qe7 {[%emt 0:00:01]} 21. Bg5 {[%emt 0:00:03]} Qe5 {[%emt 0:00:01]} 22. Ng3 {[%emt 0:00:03]} Rf8 {[%emt 0:00:01]} 23. Rxf8+ {[%emt 0:00:04]} Rxf8 {[%emt 0:00:01]} 24. Qe2 {[%emt 0:00:01]} d5 {[%emt 0:00:01]} 25. Bd2 {[%emt 0:00:03]} d4 {[%emt 0:00:01]} 26. Nd1 {[%emt 0:00:02]} Qf6 {[%emt 0:00:01]} 27. Nf2 {[%emt 0:00:02]} h5 {[%emt 0:00:01]} 28. e5 {[%emt 0:00:02]} Qf7 {[%emt 0:00:04]} 29. h4 {[%emt 0:00:01]} Ne6 {[%emt 0:00:01]} 30. Bg5 {[%emt 0:00:03]} Re8 {[%emt 0:00:03]} 31. Nge4 {[%emt 0:00:01]} Kg7 {[%emt 0:00:02]} 32. Nf6 {[%emt 0:00:01]} Rd8 {[%emt 0:00:03]} 33. Qf3 {[%emt 0:00:01]} c5 {[%emt 0:00:04]} 34. N2e4 {[%emt 0:00:00]} Nxg5 {[%emt 0:00:05]} 35. hxg5 {[%emt 0:00:01]} Qe6 {[%emt 0:00:01]} 36. Nd6 {[%emt 0:00:01]} b6 {[%emt 0:00:04]} 37. Nde8+ {[%emt 0:00:01]} Kh8 {[%emt 0:00:03]} 38. Ng7 {[%emt 0:00:02]} Kxg7 {[%emt 0:00:01]} 39. Nxh5+ {[%emt 0:00:03]} gxh5 {[%emt 0:00:01]} 40. Qf7+ {[%emt 0:00:01]} Kxf7 {[%emt 0:00:01]} 41. g6+ {[%emt 0:00:00]} Qxg6+ {[%emt 0:00:01] Time (Lag: Av=0.33s, max=1.2s)} 0-1

[Event "Stay Safe Play From Home 205"]
[Site "T#646634Emanuel Laske"]
[Date "2020.06.07"]
[Round "3"]
[White "Haris kollari 13"]
[Black "Chase the sun"]
[Result "0-1"]
[WhiteElo "1626"]
[BlackElo "1774"]
[Annotator "NA RC"]
[PlyCount "94"]
[EventDate "2020.06.07"]
[EventType "swiss (blitz)"]

1. e4 {[%emt 0:00:01]} e6 {[%emt 0:00:01]} 2. f4 {[%emt 0:00:01]} d5 {[%emt 0:00:00]} 3. e5 {[%emt 0:00:00]} c5 {[%emt 0:00:02]} 4. Nf3 {[%emt 0:00:00]} Nc6 {[%emt 0:00:01]} 5. c3 {[%emt 0:00:00]} d4 {[%emt 0:00:02]} 6. d3 {[%emt 0:00:01]} g6 {[%emt 0:00:02]} 7. c4 {[%emt 0:00:01]} Bg7 {[%emt 0:00:00]} 8. Nbd2 {[%emt 0:00:01]} f6 {[%emt 0:00:00]} 9. Ne4 {[%emt 0:00:01]} Qc7 {[%emt 0:00:01]} 10. Nxc5 {[%emt 0:00:01]} fxe5 {[%emt 0:00:01]} 11. fxe5 {[%emt 0:00:02]} Nxe5 {[%emt 0:00:00]} 12. Ne4 {[%emt 0:00:02]} Ne7 {[%emt 0:00:03]} 13. Bf4 {[%emt 0:00:03]} O-O {[%emt 0:00:03]} 14. Bg3 {[%emt 0:00:01]} Nxf3+ {[%emt 0:00:01]} 15. gxf3 {[%emt 0:00:01]} e5 {[%emt 0:00:01]} 16. Be2 {[%emt 0:00:01]} Nf5 {[%emt 0:00:01]} 17. Bf2 {[%emt 0:00:04]} Ne3 {[%emt 0:00:03]} 18. Bxe3 {[%emt 0:00:01]} dxe3 {[%emt 0:00:00]} 19. Qc2 {[%emt 0:00:01]} Bd7 {[%emt 0:00:04]} 20. O-O-O {[%emt 0:00:01]} Rac8 {[%emt 0:00:03]} 21. Kb1 {[%emt 0:00:01]} b5 {[%emt 0:00:01]} 22. b3 {[%emt 0:00:02]} bxc4 {[%emt 0:00:01]} 23. dxc4 {[%emt 0:00:01]} Bc6 {[%emt 0:00:02]} 24. Bd3 {[%emt 0:00:01]} Qb7 {[%emt 0:00:01]} 25. Rhe1 {[%emt 0:00:02]} a5 {[%emt 0:00:02]} 26. Nd6 {[%emt 0:00:02]} Qb6 {[%emt 0:00:03]} 27. Nxc8 {[%emt 0:00:01]} Rxc8 {[%emt 0:00:01]} 28. Be4 {[%emt 0:00:01]} a4 {[%emt 0:00:03]} 29. Rd6 {[%emt 0:00:03]} axb3 {[%emt 0:00:02]} 30. axb3 {[%emt 0:00:01]} Qb7 {[%emt 0:00:03]} 31. Bxc6 {[%emt 0:00:03]} Rxc6 {[%emt 0:00:00]} 32. Rxc6 {[%emt 0:00:04]} Qxc6 {[%emt 0:00:00]} 33. Rxe3 {[%emt 0:00:01]} e4 {[%emt 0:00:03]} 34. fxe4 {[%emt 0:00:02]} Qf6 {[%emt 0:00:00]} 35. Kc1 {[%emt 0:00:02]} Qa1+ {[%emt 0:00:01]} 36. Kd2 {[%emt 0:00:01]} Qf6 {[%emt 0:00:00]} 37. Ke2 {[%emt 0:00:02]} Bh6 {[%emt 0:00:00]} 38. Rf3 {[%emt 0:00:02]} Qh4 {[%emt 0:00:01]} 39. Qd3 {[%emt 0:00:01]} Qxh2+ {[%emt 0:00:02]} 40. Rf2 {[%emt 0:00:01]} Qh5+ {[%emt 0:00:02]} 41. Qf3 {[%emt 0:00:00]} Qxf3+ {[%emt 0:00:01]} 42. Rxf3 {[%emt 0:00:01]} Bg7 {[%emt 0:00:00]} 43. c5 {[%emt 0:00:01]} h5 {[%emt 0:00:00]} 44. c6 {[%emt 0:00:00]} Kh7 {[%emt 0:00:00]} 45. c7 {[%emt 0:00:01]} Kh6 {[%emt 0:00:00]} 46. c8=Q {[%emt 0:00:00]} g5 {[%emt 0:00:00]} 47. Qd8 {[%emt 0:00:01]} g4 {[%emt 0:00:00] Time (Lag: Av=0.41s, max=1.1s)} 0-1

[Event "Stay Safe Play From Home 205"]
[Site "T#646634Emanuel Laske"]
[Date "2020.06.07"]
[Round "3"]
[White "Trotsky"]
[Black "Cubail"]
[Result "0-1"]
[WhiteElo "1591"]
[BlackElo "1357"]
[Annotator "NA RC"]
[PlyCount "34"]
[EventDate "2020.06.07"]
[EventType "swiss (blitz)"]

1. d4 {[%emt 0:00:01]} f5 {[%emt 0:00:01]} 2. e3 {[%emt 0:00:00]} Nf6 {[%emt 0:00:01]} 3. c4 {[%emt 0:00:01]} e6 {[%emt 0:00:01]} 4. Nc3 {[%emt 0:00:01]} c6 {[%emt 0:00:01]} 5. Bd3 {[%emt 0:00:01]} d5 {[%emt 0:00:01]} 6. Qc2 {[%emt 0:00:00]} Bb4 {[%emt 0:00:01]} 7. Nf3 {[%emt 0:00:01]} Ne4 {[%emt 0:00:01]} 8. Bd2 {[%emt 0:00:01]} Nxd2 {[%emt 0:00:02]} 9. Nxd2 {[%emt 0:00:02]} Nd7 {[%emt 0:00:01]} 10. Nf3 {[%emt 0:00:01]} Nf6 {[%emt 0:00:02]} 11. c5 {[%emt 0:00:02]} Ne4 {[%emt 0:00:02]} 12. h4 {[%emt 0:00:03]} Qa5 {[%emt 0:00:01]} 13. O-O-O {[%emt 0:00:04]} Nxc3 {[%emt 0:00:02]} 14. bxc3 {[%emt 0:00:01]} Bxc3 {[%emt 0:00:01]} 15. Kb1 {[%emt 0:00:07]} Qb4+ {[%emt 0:00:02]} 16. Kc1 {[%emt 0:00:03]} Qa3+ {[%emt 0:00:01]} 17. Qb2 {[%emt 0:00:01]} Qxb2# {[%emt 0:00:03] (Lag: Av=0.32s, max=0.9s)} 0-1

[Event "Stay Safe Play From Home 205"]
[Site "T#646634Emanuel Laske"]
[Date "2020.06.07"]
[Round "3"]
[White "Möwe"]
[Black "Mandy"]
[Result "1-0"]
[WhiteElo "1477"]
[BlackElo "936"]
[Annotator "NA RC"]
[PlyCount "31"]
[EventDate "2020.06.07"]
[EventType "swiss (blitz)"]

1. e4 {[%emt 0:00:02]} c6 {[%emt 0:00:02]} 2. Nf3 {[%emt 0:00:00]} d5 {[%emt 0:00:01]} 3. d4 {[%emt 0:00:00]} dxe4 {[%emt 0:00:02]} 4. Ng5 {[%emt 0:00:01]} h6 {[%emt 0:00:07]} 5. Nxe4 {[%emt 0:00:04]} Nf6 {[%emt 0:00:04]} 6. Nxf6+ {[%emt 0:00:02]} exf6 {[%emt 0:00:01]} 7. Bc4 {[%emt 0:00:00]} Bb4+ {[%emt 0:00:11]} 8. c3 {[%emt 0:00:02]} Be6 {[%emt 0:00:04]} 9. Bxe6 {[%emt 0:00:05]} fxe6 {[%emt 0:00:10]} 10. cxb4 {[%emt 0:00:01]} Nd7 {[%emt 0:00:04]} 11. O-O {[%emt 0:00:01]} e5 {[%emt 0:00:01]} 12. Qh5+ {[%emt 0:00:03]} Kf8 {[%emt 0:00:04]} 13. Rd1 {[%emt 0:00:06]} Nb6 {[%emt 0:00:02]} 14. Nc3 {[%emt 0:00:02]} Nc4 {[%emt 0:00:02]} 15. Be3 {[%emt 0:00:07]} Qe7 {[%emt 0:00:04]} 16. dxe5 {[%emt 0:00:02] Zeit (Lag: Av=0.56s, max=1.4s)} 1-0

[Event "Stay Safe Play From Home 205"]
[Site "T#646634Emanuel Laske"]
[Date "2020.06.07"]
[Round "4"]
[White "Fischer_11"]
[Black "SoulofWolf"]
[Result "1-0"]
[WhiteElo "2065"]
[BlackElo "2216"]
[Annotator "NA RC"]
[PlyCount "81"]
[EventDate "2020.06.07"]
[EventType "swiss (blitz)"]

1. e4 {[%emt 0:00:08]} d5 {[%emt 0:00:00]} 2. a3 {[%emt 0:00:01]} dxe4 {[%emt 0:00:01]} 3. Nc3 {[%emt 0:00:00]} Nf6 {[%emt 0:00:00]} 4. Qe2 {[%emt 0:00:01]} Nc6 {[%emt 0:00:01]} 5. Qb5 {[%emt 0:00:00]} a6 {[%emt 0:00:03]} 6. Qe2 {[%emt 0:00:01]} Bf5 {[%emt 0:00:01]} 7. f3 {[%emt 0:00:02]} exf3 {[%emt 0:00:01]} 8. Nxf3 {[%emt 0:00:00]} e6 {[%emt 0:00:01]} 9. g3 {[%emt 0:00:01]} Bc5 {[%emt 0:00:01]} 10. Bg2 {[%emt 0:00:01]} O-O {[%emt 0:00:01]} 11. d3 {[%emt 0:00:00]} Ba7 {[%emt 0:00:01]} 12. Be3 {[%emt 0:00:01]} Nd4 {[%emt 0:00:02]} 13. Bxd4 {[%emt 0:00:01]} Bxd4 {[%emt 0:00:01]} 14. Nxd4 {[%emt 0:00:00]} Qxd4 {[%emt 0:00:01]} 15. Qf2 {[%emt 0:00:00]} Qxf2+ {[%emt 0:00:02]} 16. Kxf2 {[%emt 0:00:00]} Rab8 {[%emt 0:00:01]} 17. h3 {[%emt 0:00:01]} h6 {[%emt 0:00:01]} 18. g4 {[%emt 0:00:00]} Bg6 {[%emt 0:00:01]} 19. Rad1 {[%emt 0:00:03]} b5 {[%emt 0:00:01]} 20. Rhe1 {[%emt 0:00:01]} c5 {[%emt 0:00:01]} 21. Ne4 {[%emt 0:00:00]} Nxe4+ {[%emt 0:00:03]} 22. Bxe4 {[%emt 0:00:00]} f5 {[%emt 0:00:02]} 23. gxf5 {[%emt 0:00:04]} exf5 {[%emt 0:00:00]} 24. Bd5+ {[%emt 0:00:02]} Kh7 {[%emt 0:00:00]} 25. Re6 {[%emt 0:00:01]} a5 {[%emt 0:00:02]} 26. Rc6 {[%emt 0:00:03]} Rfc8 {[%emt 0:00:03]} 27. Rxc8 {[%emt 0:00:02]} Rxc8 {[%emt 0:00:00]} 28. Re1 {[%emt 0:00:00]} Rc6 {[%emt 0:00:02]} 29. Bxc6 {[%emt 0:00:01]} b4 {[%emt 0:00:01]} 30. axb4 {[%emt 0:00:01]} cxb4 {[%emt 0:00:00]} 31. c3 {[%emt 0:00:01]} bxc3 {[%emt 0:00:01]} 32. bxc3 {[%emt 0:00:00]} f4 {[%emt 0:00:00]} 33. d4 {[%emt 0:00:01]} Bc2 {[%emt 0:00:01]} 34. Be4+ {[%emt 0:00:00]} Bxe4 {[%emt 0:00:02]} 35. Rxe4 {[%emt 0:00:00]} Kg6 {[%emt 0:00:00]} 36. Rxf4 {[%emt 0:00:01]} Kg5 {[%emt 0:00:00]} 37. Rf7 {[%emt 0:00:01]} a4 {[%emt 0:00:00]} 38. Rxg7+ {[%emt 0:00:01]} Kf6 {[%emt 0:00:01]} 39. Ra7 {[%emt 0:00:00]} a3 {[%emt 0:00:00]} 40. Rxa3 {[%emt 0:00:00]} Kg5 {[%emt 0:00:00]} 41. Ra5+ {[%emt 0:00:01] SoulofWolf poddaje siê (Lag: Av=0.30s, max=0.5s)} 1-0

[Event "Stay Safe Play From Home 205"]
[Site "T#646634Emanuel Laske"]
[Date "2020.06.07"]
[Round "4"]
[White "Sfantul321"]
[Black "Rogan"]
[Result "1/2-1/2"]
[WhiteElo "1957"]
[BlackElo "2135"]
[Annotator "NA RC"]
[PlyCount "76"]
[EventDate "2020.06.07"]
[EventType "swiss (blitz)"]

1. c4 {[%emt 0:00:01]} c6 {[%emt 0:00:01]} 2. Nc3 {[%emt 0:00:00]} d5 {[%emt 0:00:00]} 3. cxd5 {[%emt 0:00:01]} cxd5 {[%emt 0:00:01]} 4. d4 {[%emt 0:00:00]} Nf6 {[%emt 0:00:00]} 5. Nf3 {[%emt 0:00:00]} Bg4 {[%emt 0:00:01]} 6. Bg5 {[%emt 0:00:00]} Bxf3 {[%emt 0:00:01]} 7. gxf3 {[%emt 0:00:01]} e6 {[%emt 0:00:01]} 8. e3 {[%emt 0:00:01]} Nc6 {[%emt 0:00:01]} 9. Bd3 {[%emt 0:00:01]} Bb4 {[%emt 0:00:00]} 10. Rc1 {[%emt 0:00:01]} Qa5 {[%emt 0:00:01]} 11. a3 {[%emt 0:00:02]} Bxc3+ {[%emt 0:00:01]} 12. Rxc3 {[%emt 0:00:01]} O-O {[%emt 0:00:01]} 13. Bxf6 {[%emt 0:00:01]} gxf6 {[%emt 0:00:01]} 14. Rg1+ {[%emt 0:00:01]} Kh8 {[%emt 0:00:01]} 15. Qc2 {[%emt 0:00:01]} f5 {[%emt 0:00:01]} 16. Ke2 {[%emt 0:00:01]} Rg8 {[%emt 0:00:01]} 17. Rg3 {[%emt 0:00:03]} Rxg3 {[%emt 0:00:01]} 18. hxg3 {[%emt 0:00:01]} Rc8 {[%emt 0:00:02]} 19. b4 {[%emt 0:00:02]} Qd8 {[%emt 0:00:07]} 20. b5 {[%emt 0:00:01]} Ne7 {[%emt 0:00:00]} 21. Rxc8 {[%emt 0:00:01]} Qxc8 {[%emt 0:00:00]} 22. Qxc8+ {[%emt 0:00:01]} Nxc8 {[%emt 0:00:00]} 23. a4 {[%emt 0:00:01]} Nd6 {[%emt 0:00:01]} 24. Kd2 {[%emt 0:00:02]} Kg7 {[%emt 0:00:01]} 25. Kc3 {[%emt 0:00:01]} Kf6 {[%emt 0:00:01]} 26. Kb4 {[%emt 0:00:01]} b6 {[%emt 0:00:00]} 27. a5 {[%emt 0:00:01]} e5 {[%emt 0:00:03]} 28. dxe5+ {[%emt 0:00:02]} Kxe5 {[%emt 0:00:00]} 29. f4+ {[%emt 0:00:01]} Ke6 {[%emt 0:00:04]} 30. axb6 {[%emt 0:00:01]} axb6 {[%emt 0:00:01]} 31. Kc3 {[%emt 0:00:01]} Nb7 {[%emt 0:00:05]} 32. Kd4 {[%emt 0:00:02]} Nc5 {[%emt 0:00:01]} 33. Bc2 {[%emt 0:00:01]} Ne4 {[%emt 0:00:03] Sfantul321 offers a draw} 34. Bxe4 {[%emt 0:00:04]} dxe4 {[%emt 0:00:00]} 35. Kc4 {[%emt 0:00:03]} Kd6 {[%emt 0:00:04]} 36. Kd4 {[%emt 0:00:01]} Ke6 {[%emt 0:00:03]} 37. Kc4 {[%emt 0:00:01]} Kd6 {[%emt 0:00:01]} 38. Kd4 {[%emt 0:00:01]} Ke6 {[%emt 0:00:01] (Lag: Av=0.24s, max=0.6s)} 1/2-1/2

[Event "Stay Safe Play From Home 205"]
[Site "T#646634Emanuel Laske"]
[Date "2020.06.07"]
[Round "4"]
[White "Chase the sun"]
[Black "Haxhi Baha"]
[Result "0-1"]
[WhiteElo "1784"]
[BlackElo "2035"]
[Annotator "TA"]
[PlyCount "44"]
[EventDate "2020.06.07"]
[EventType "swiss (blitz)"]

{[%evp 10,44,-4,-16,-17,0,0,-57,-43,-96,-35,-43,41,-74,42,0,0,35,1716,1720,29997,389,462,470,476,465,465,441,425,432,431,331,391,382,474,-1087,-1079]} 1. e4 e6 2. b3 d5 3. Bb2 dxe4 4. Nc3 Nf6 5. g4 h6 6. Bg2 Nc6 {C00: French: Unusual White 2nd moves.} 7. Nxe4 Be7 {[#]} 8. c3 $146 ({White should try} 8. d4 $11) ({Predecessor:} 8. Ng3 e5 9. h3 Be6 10. Bxc6+ bxc6 11. Bxe5 Qd5 12. Bc3 Ne4 13. Qf3 Nxc3 14. dxc3 Qxf3 15. Nxf3 {1-0 (39) Dere,P (1777)-Gengaje,P (1574) Nasik 2018}) 8... O-O {Black is slightly better.} 9. Qe2 (9. Nxf6+ $15 Bxf6 10. Qc2) 9... Bd7 (9... Nd5 $17 {And now ...Nf4 would win.} 10. Nh3 f5) 10. O-O-O a5 (10... Nd5 $15) 11. h4 {[#]} (11. Nxf6+ $1 $14 {is the one way to stay ahead.} Bxf6 12. d4) 11... a4 (11... Nd5 $1 $17 {White must now prevent ...Nf4.} 12. Nh3 a4) 12. g5 Nxe4 13. Bxe4 h5 $2 {[%mdl 8192]} ({And not} 13... hxg5 {[#]} 14. Bh7+ $1 {[%mdl 512]} Kh8 15. Qh5 g6 16. Qh6 Re8 17. Bxg6+ Kg8 18. Qh7+ Kf8 19. Qxf7#) (13... axb3 $14 14. axb3 f5 15. gxf6 Rxf6) 14. Qxh5 $18 {[%csl Ge4][%cal Rh5h7]} f5 15. Bc2 $2 (15. g6 {mates} Rf6 16. Qh7+ Kf8 17. Qh8#) 15... Be8 16. g6 Bxg6 17. Qxg6 Rf6 18. Qg5 axb3 19. Bxb3 Na5 20. c4 Nxb3+ 21. axb3 Rf7 22. h5 $4 {[%mdl 8192]} (22. Qe3 $18) 22... Bxg5 {Quite a comeback for Black. Accuracy: White = 22%, Black = 39%.} 0-1

[Event "Stay Safe Play From Home 205"]
[Site "T#646634Emanuel Laske"]
[Date "2020.06.07"]
[Round "4"]
[White "Haris kollari 13"]
[Black "Edmatuag"]
[Result "1-0"]
[WhiteElo "1616"]
[BlackElo "1725"]
[Annotator "NA RC"]
[PlyCount "53"]
[EventDate "2020.06.07"]
[EventType "swiss (blitz)"]

1. e4 {[%emt 0:00:01]} c5 {[%emt 0:00:01]} 2. f4 {[%emt 0:00:02]} d6 {[%emt 0:00:01]} 3. Nf3 {[%emt 0:00:01]} Nc6 {[%emt 0:00:00]} 4. d4 {[%emt 0:00:00]} g6 {[%emt 0:00:00]} 5. d5 {[%emt 0:00:02]} Nd4 {[%emt 0:00:05]} 6. Nxd4 {[%emt 0:00:02]} cxd4 {[%emt 0:00:00]} 7. Qxd4 {[%emt 0:00:01]} Nf6 {[%emt 0:00:00]} 8. c3 {[%emt 0:00:01]} Bg7 {[%emt 0:00:01]} 9. Qd3 {[%emt 0:00:03]} Qb6 {[%emt 0:00:02]} 10. Nd2 {[%emt 0:00:02]} Ng4 {[%emt 0:00:02]} 11. Qf3 {[%emt 0:00:02]} Ne3 {[%emt 0:00:04]} 12. Bd3 {[%emt 0:00:03]} Bg4 {[%emt 0:00:04]} 13. Qg3 {[%emt 0:00:03]} Bh5 {[%emt 0:00:08]} 14. Nb3 {[%emt 0:00:01]} Ng4 {[%emt 0:00:04]} 15. h3 {[%emt 0:00:01]} Nf6 {[%emt 0:00:08]} 16. Be3 {[%emt 0:00:01]} Qc7 {[%emt 0:00:06]} 17. Qf2 {[%emt 0:00:02]} g5 {[%emt 0:00:02]} 18. f5 {[%emt 0:00:03]} Nd7 {[%emt 0:00:02]} 19. g4 {[%emt 0:00:02]} Ne5 {[%emt 0:00:01]} 20. Be2 {[%emt 0:00:02]} Bg6 {[%emt 0:00:06]} 21. fxg6 {[%emt 0:00:02]} fxg6 {[%emt 0:00:00]} 22. O-O-O {[%emt 0:00:02]} Rf8 {[%emt 0:00:00]} 23. Qg3 {[%emt 0:00:02]} Kd7 {[%emt 0:00:00]} 24. Bxg5 {[%emt 0:00:02]} Nc4 {[%emt 0:00:02]} 25. Bxc4 {[%emt 0:00:02]} Qxc4 {[%emt 0:00:00]} 26. Be3 {[%emt 0:00:02]} Bxc3 {[%emt 0:00:02]} 27. bxc3 {[%emt 0:00:01] Time (Lag: Av=0.46s, max=1.0s)} 1-0

[Event "Stay Safe Play From Home 205"]
[Site "T#646634Emanuel Laske"]
[Date "2020.06.07"]
[Round "4"]
[White "Möwe"]
[Black "Trotsky"]
[Result "0-1"]
[WhiteElo "1479"]
[BlackElo "1564"]
[Annotator "NA RC"]
[PlyCount "52"]
[EventDate "2020.06.07"]
[EventType "swiss (blitz)"]

1. e4 {[%emt 0:00:02]} c5 {[%emt 0:00:01]} 2. Nf3 {[%emt 0:00:00]} e6 {[%emt 0:00:00]} 3. d4 {[%emt 0:00:01]} d5 {[%emt 0:00:01]} 4. exd5 {[%emt 0:00:01]} exd5 {[%emt 0:00:01]} 5. Bb5+ {[%emt 0:00:00]} Nc6 {[%emt 0:00:01]} 6. Qe2+ {[%emt 0:00:01]} Be6 {[%emt 0:00:03]} 7. dxc5 {[%emt 0:00:01]} Bxc5 {[%emt 0:00:01]} 8. O-O {[%emt 0:00:02]} Qc7 {[%emt 0:00:01]} 9. Ng5 {[%emt 0:00:02]} O-O-O {[%emt 0:00:01]} 10. Nxe6 {[%emt 0:00:02]} fxe6 {[%emt 0:00:01]} 11. Qxe6+ {[%emt 0:00:01]} Kb8 {[%emt 0:00:01]} 12. Bxc6 {[%emt 0:00:01]} bxc6 {[%emt 0:00:01]} 13. Nc3 {[%emt 0:00:03]} Bd6 {[%emt 0:00:01]} 14. h3 {[%emt 0:00:02]} h5 {[%emt 0:00:01]} 15. Be3 {[%emt 0:00:02]} Nf6 {[%emt 0:00:01]} 16. Qf5 {[%emt 0:00:08]} Ng4 {[%emt 0:00:01]} 17. hxg4 {[%emt 0:00:03]} hxg4 {[%emt 0:00:01]} 18. f4 {[%emt 0:00:05]} Rdf8 {[%emt 0:00:07]} 19. Qxg4 {[%emt 0:00:03]} g5 {[%emt 0:00:03]} 20. f5 {[%emt 0:00:13]} Bh2+ {[%emt 0:00:03]} 21. Kf2 {[%emt 0:00:01]} Rh4 {[%emt 0:00:04]} 22. Qxg5 {[%emt 0:00:02]} d4 {[%emt 0:00:07]} 23. Qxh4 {[%emt 0:00:02]} dxe3+ {[%emt 0:00:01]} 24. Kxe3 {[%emt 0:00:01]} Qb6+ {[%emt 0:00:01]} 25. Kd3 {[%emt 0:00:01]} Rd8+ {[%emt 0:00:01]} 26. Ke2 {[%emt 0:00:02]} Bc7 {[%emt 0:00:04] Zeit (Lag: Av=0.37s, max=0.5s) .} 0-1

[Event "Stay Safe Play From Home 205"]
[Site "T#646634Emanuel Laske"]
[Date "2020.06.07"]
[Round "4"]
[White "Cubail"]
[Black "EL sanbary"]
[Result "0-1"]
[WhiteElo "1384"]
[BlackElo "1883"]
[Annotator "NA RC"]
[PlyCount "38"]
[EventDate "2020.06.07"]
[EventType "swiss (blitz)"]

1. f4 {[%emt 0:00:01]} c5 {[%emt 0:00:01]} 2. e4 {[%emt 0:00:01]} g6 {[%emt 0:00:01]} 3. Nf3 {[%emt 0:00:01]} Bg7 {[%emt 0:00:01]} 4. c3 {[%emt 0:00:01]} Nc6 {[%emt 0:00:01]} 5. d4 {[%emt 0:00:01]} cxd4 {[%emt 0:00:01]} 6. cxd4 {[%emt 0:00:01]} d5 {[%emt 0:00:01]} 7. e5 {[%emt 0:00:03]} Bg4 {[%emt 0:00:01]} 8. Nc3 {[%emt 0:00:02]} e6 {[%emt 0:00:01]} 9. Be3 {[%emt 0:00:02]} Nge7 {[%emt 0:00:01]} 10. h3 {[%emt 0:00:04]} Bxf3 {[%emt 0:00:01]} 11. Qxf3 {[%emt 0:00:02]} O-O {[%emt 0:00:02]} 12. Bd3 {[%emt 0:00:03]} Qb6 {[%emt 0:00:03]} 13. O-O {[%emt 0:00:12]} Qxb2 {[%emt 0:00:03]} 14. Na4 {[%emt 0:00:03]} Qa3 {[%emt 0:00:03]} 15. Nc5 {[%emt 0:00:01]} b6 {[%emt 0:00:01]} 16. Bc1 {[%emt 0:00:05]} Qc3 {[%emt 0:00:06]} 17. Rf2 {[%emt 0:00:07]} bxc5 {[%emt 0:00:05]} 18. Rc2 {[%emt 0:00:02]} Qxa1 {[%emt 0:00:01]} 19. dxc5 {[%emt 0:00:03]} Nd4 {[%emt 0:00:02] Time (Lag: Av=0.38s, max=0.6s)} 0-1